000 00301nam a22001097a 4500
008 160613b xxu||||| |||| 00| 0 eng d
020 _a9781416040842
041 _aeng
080 _a618.2
245 _aTeaching in nursing / A guide for faculty:
_cDiane M. Billings; Judith A. Halstead;
942 _2udc
_cBK
999 _c2446
_d2446